Suomen vanhimmat kaupungit - Statistics

Yleistilastot
  • Tätä visaa on pelattu 1 340 kertaa
  • Keskiarvotulos 23 / 30
Vastaustilastot
Perustamisvuosi Kaupunki Nykyinen maakunta % Oikein
1229 Turku Varsinais-Suomi
100%
1550 Helsinki Uusimaa
98%
1605 Oulu Pohjois-Pohjanmaa
95%
1558 Pori Satakunta
93%
1779 Tampere Pirkanmaa
92%
1606 Vaasa Pohjanmaa
90%
noin 1380 Porvoo Uusimaa
88%
1442 Rauma Satakunta
87%
1652 Kuopio Pohjois-Savo
86%
1639 Hämeenlinna Kanta-Häme
85%
1848 Joensuu Pohjois-Karjala
84%
1837 Jyväskylä Keski-Suomi
84%
1861 Maarianhamina Ahvenanmaa
84%
1649 Lappeenranta Etelä-Karjala
83%
1651 Kajaani Kainuu
82%
1838 Mikkeli Etelä-Savo
80%
1620 Kokkola Keski-Pohjanmaa
79%
1621 Tornio Lappi
79%
1639 Savonlinna Etelä-Savo
78%
1443 Naantali Varsinais-Suomi
76%
1653 Hamina Kymenlaakso
73%
1649 Raahe Pohjois-Pohjanmaa
65%
1617 Uusikaupunki Varsinais-Suomi
61%
1649 Kristiinankaupunki Pohjanmaa
60%
1745 Loviisa Uusimaa
60%
1652 Pietarsaari Pohjanmaa
59%
1365 Ulvila Satakunta
59%
1839 Heinola Päijät-Häme
54%
1620 Uusikaarlepyy Pohjanmaa
46%
1785 Kaskinen Pohjanmaa
40%
Ehtoja vastaavia visoja ei löytynyt
Tulosjakauma
Jokaisen tuloksen saaneiden osuus
Persentiili vastausten määrän mukaan
Tuloshistoriasi
Et ole pelannut tätä visaa